[Event "CZE Extraliga 2019-20"]
[Site "Czech Republic"]
[Date "2019.10.13"]
[Round "2.3"]
[White "Carlsson, Pontus"]
[Black "Blahynka, Martin"]
[Result "1-0"]
[WhiteElo "2447"]
[BlackElo "2423"]
[Annotator "NA"]
[PlyCount "99"]
[EventDate "2019.09.15"]
[EventType "team-tourn"]
[EventCountry "CZE"]
[SourceTitle "playchess.com"]
[Source "ChessBase"]
[SourceQuality "1"]
[WhiteTeam "ŠK Dopravní podnik Praha"]
[BlackTeam "ŠK Duras BVK"]
[TimeControl "40/5400+30:1800+30"]

1. e4 {[%emt 0:00:00]} e5 {[%emt 0:00:00]} 2. Nf3 {[%emt 0:00:00]} Nc6 {[%emt 0:00:00]} 3. d4 {[%emt 0:00:20]} exd4 {[%emt 0:00:00]} 4. Nxd4 {[%emt 0:00:04]} Bc5 {[%emt 0:00:28]} 5. Nb3 {[%emt 0:00:24]} Bb6 {[%emt 0:00:10]} 6. Qe2 {[%emt 0:00:09]} d6 {[%emt 0:01:03]} 7. Be3 {[%emt 0:00:06]} Nf6 {[%emt 0:00:30]} 8. Nc3 {[%emt 0:00:03]} Qe7 {[%emt 0:04:06]} 9. O-O-O {[%emt 0:00:20]} Be6 {[%emt 0:02:35]} 10. f3 {[%emt 0:07:43]} Bxb3 {[%emt 0:28:28]} 11. cxb3 {[%emt 0:13:41]} O-O-O {[%emt 0:05:17]} 12. Bxb6 {[%emt 0:11:10]} axb6 {[%emt 0:00:26]} 13. Qd2 {[%emt 0:05:11]} h5 {[%emt 0:10:52]} 14. h4 {[%emt 0:09:29]} Ne5 {[%emt 0:03:13]} 15. Qd4 {[%emt 0:02:30]} Kb8 {[%emt 0:20:16]} 16. Be2 {[%emt 0:06:02]} Ned7 {[%emt 0:10:32]} 17. b4 {[%emt 0:10:01]} Qe5 {[%emt 0:01:25]} 18. Qd2 {[%emt 0:05:07]} Rhe8 {[%emt 0:04:03]} 19. Bc4 {[%emt 0:04:26]} Qe7 {[%emt 0:00:24]} 20. Bb3 {[%emt 0:03:28]} Ne5 {[%emt 0:00:27]} 21. b5 {[%emt 0:09:15]} Rd7 {[%emt 0:01:35]} 22. Qe3 {[%emt 0:03:09]} Qd8 {[%emt 0:00:20]} 23. Kb1 {[%emt 0:01:26]} Ng6 {[%emt 0:01:18]} 24. Qd2 {[%emt 0:01:56]} Re5 {[%emt 0:01:11]} 25. Qf2 {[%emt 0:01:19]} Rc5 {[%emt 0:01:32]} 26. a4 {[%emt 0:01:08]} Nf4 {[%emt 0:01:35]} 27. Qe3 {[%emt 0:02:51]} Ng6 {[%emt 0:00:42]} 28. Rd4 {[%emt 0:00:19]} Re5 {[%emt 0:00:32]} 29. Qf2 {[%emt 0:01:03]} Ne7 {[%emt 0:00:47]} 30. Bxf7 {[%emt 0:01:24]} Nf5 {[%emt 0:00:34]} 31. exf5 {[%emt 0:00:07]} Rxf7 {[%emt 0:00:05]} 32. g4 {[%emt 0:00:06]} Rfe7 {[%emt 0:00:36]} 33. Rc1 {[%emt 0:00:33]} Qg8 {[%emt 0:00:33]} 34. Qc2 {[%emt 0:00:28]} Qh7 {[%emt 0:00:51]} 35. g5 {[%emt 0:00:27]} Ne8 {[%emt 0:00:22]} 36. Nd5 {[%emt 0:00:22]} Rd7 {[%emt 0:00:39]} 37. Nxb6 {[%emt 0:01:20]} Rd8 {[%emt 0:00:29]} 38. Nc4 {[%emt 0:00:48]} Rc5 {[%emt 0:00:33]} 39. b4 {[%emt 0:00:09]} Rxf5 {[%emt 0:00:09]} 40. Ne3 {[%emt 0:00:20]} g6 {[%emt 0:00:25]} 41. Nxf5 {[%emt 0:30:23]} gxf5 {[%emt 0:30:04]} 42. Rd5 {[%emt 0:00:00]} Qe7 {[%emt 0:00:00]} 43. Qxf5 {[%emt 0:00:00]} Qe3 {[%emt 0:00:00]} 44. Rd3 {[%emt 0:00:00]} Qf2 {[%emt 0:00:00]} 45. Qf4 {[%emt 0:00:00]} d5 {[%emt 0:00:00]} 46. a5 {[%emt 0:00:00]} Qe2 {[%emt 0:00:00]} 47. Qe3 {[%emt 0:00:00]} Qh2 {[%emt 0:00:00]} 48. Qe7 {[%emt 0:00:00]} Rc8 {[%emt 0:00:00]} 49. Rxd5 {[%emt 0:00:00]} Qxh4 {[%emt 0:00:00]} 50. Rd8 1-0

[Event "CZE Extraliga 2019-20"]
[Site "Czech Republic"]
[Date "2019.10.13"]
[Round "2.4"]
[White "Polak, Tomas"]
[Black "Jurcik, Marian"]
[Result "1-0"]
[WhiteElo "2527"]
[BlackElo "2486"]
[Annotator "ChessBase"]
[PlyCount "119"]
[EventDate "2019.09.15"]
[EventType "team-tourn"]
[EventCountry "CZE"]
[SourceTitle "playchess.com"]
[Source "ChessBase"]
[SourceQuality "1"]
[WhiteTeam "Moravská Slavia Brno"]
[BlackTeam "Siesta Solution Unichess"]
[TimeControl "40/5400+30:1800+30"]

1. d4 {[%emt 0:00:00]} d6 {[%emt 0:00:57]} 2. Nf3 {[%emt 0:02:06]} g6 {[%emt 0:00:27]} 3. c4 {[%emt 0:02:23]} Bg7 {[%emt 0:00:48]} 4. Nc3 {[%emt 0:00:12]} Bg4 {[%emt 0:00:39]} 5. e3 {[%emt 0:02:56]} Nf6 {[%emt 0:00:52]} 6. h3 {[%emt 0:02:36]} Bxf3 {[%emt 0:00:49]} 7. Qxf3 {[%emt 0:00:05]} Nc6 {[%emt 0:00:13]} 8. g4 {[%emt 0:07:15]} Nd7 {[%emt 0:06:47]} 9. Bd2 {[%emt 0:07:50]} e5 {[%emt 0:03:09]} 10. d5 {[%emt 0:02:42]} Ne7 {[%emt 0:07:23]} 11. Ne4 {[%emt 0:11:21]} f5 {[%emt 0:43:44]} 12. gxf5 {[%emt 0:03:50]} Nxf5 {[%emt 0:00:29]} 13. h4 {[%emt 0:09:19]} Nc5 {[%emt 0:04:57]} 14. h5 {[%emt 0:03:37]} Nxe4 {[%emt 0:00:54]} 15. Qxe4 {[%emt 0:01:04]} Qf6 {[%emt 0:02:23]} 16. Bh3 {[%emt 0:06:26]} O-O-O {[%emt 0:01:48]} 17. O-O-O {[%emt 0:02:35]} Kb8 {[%emt 0:00:12]} 18. Rdg1 {[%emt 0:02:15]} Nh4 {[%emt 0:02:55]} 19. Bg4 {[%emt 0:06:02]} g5 {[%emt 0:01:23]} 20. f3 {[%emt 0:01:04]} Rdf8 {[%emt 0:05:25]} 21. Rh3 {[%emt 0:04:42]} h6 {[%emt 0:01:44]} 22. Kd1 {[%emt 0:03:22]} Nf5 {[%emt 0:03:31]} 23. Ke2 {[%emt 0:00:31]} Ne7 {[%emt 0:00:45]} 24. Rc1 {[%emt 0:01:59]} Ng8 {[%emt 0:01:03]} 25. Be6 {[%emt 0:03:20]} Qe7 {[%emt 0:00:43]} 26. c5 {[%emt 0:03:41]} dxc5 {[%emt 0:02:31]} 27. b4 {[%emt 0:00:08]} c4 {[%emt 0:04:35]} 28. Qxc4 {[%emt 0:05:30]} Nf6 {[%emt 0:00:03]} 29. b5 {[%emt 0:00:15]} Ne8 {[%emt 0:00:04]} 30. Ba5 {[%emt 0:01:00]} e4 {[%emt 0:03:11]} 31. Qxe4 {[%emt 0:01:13]} Qa3 {[%emt 0:00:32]} 32. Bd2 {[%emt 0:00:52]} Nd6 {[%emt 0:00:33]} 33. Qb4 {[%emt 0:01:19]} Qxa2 {[%emt 0:00:28]} 34. Qc5 {[%emt 0:01:02]} Be5 {[%emt 0:00:28]} 35. Qxc7+ {[%emt 0:02:11]} Ka8 {[%emt 0:00:01]} 36. Qc2 {[%emt 0:00:34]} Qxc2 {[%emt 0:00:59]} 37. Rxc2 {[%emt 0:00:03]} Nxb5 {[%emt 0:00:09]} 38. Rh1 {[%emt 0:00:30]} Nc7 {[%emt 0:00:52]} 39. Rhc1 {[%emt 0:00:58]} Nxe6 {[%emt 0:00:28]} 40. dxe6 {[%emt 0:00:04]} Re8 {[%emt 0:00:34]} 41. f4 {[%emt 0:00:55]} gxf4 {[%emt 0:01:46]} 42. exf4 {[%emt 0:00:34]} Rxe6 {[%emt 0:01:19]} 43. fxe5 {[%emt 0:03:00]} Rxe5+ {[%emt 0:00:28]} 44. Kf3 {[%emt 0:07:21]} b6 {[%emt 0:01:24]} 45. Rh1 {[%emt 0:02:32]} Rf8+ {[%emt 0:15:26]} 46. Bf4 {[%emt 0:02:25]} Kb7 {[%emt 0:00:04]} 47. Rh4 {[%emt 0:02:30]} a5 {[%emt 0:02:50]} 48. Kg3 {[%emt 0:02:17]} Rb5 {[%emt 0:00:51]} 49. Rc7+ {[%emt 0:03:36]} Ka6 {[%emt 0:00:15]} 50. Bxh6 {[%emt 0:02:57]} Rh8 {[%emt 0:04:47]} 51. Rc6 {[%emt 0:00:34]} Kb7 {[%emt 0:03:46]} 52. Rg6 {[%emt 0:01:32]} a4 {[%emt 0:00:03]} 53. Rxa4 {[%emt 0:03:02]} Rxh5 {[%emt 0:00:10]} 54. Bf4 {[%emt 0:00:50]} Rc8 {[%emt 0:03:02]} 55. Rg7+ {[%emt 0:01:59]} Kc6 {[%emt 0:00:11]} 56. Rd4 {[%emt 0:00:25]} Kb5 {[%emt 0:00:49]} 57. Rd3 {[%emt 0:01:11]} Rc6 {[%emt 0:00:58]} 58. Rb3+ {[%emt 0:00:46]} Ka6 {[%emt 0:00:47]} 59. Bb8 {[%emt 0:00:35]} b5 {[%emt 0:00:35]} 60. Ra3+ {[%emt 0:00:11]} 1-0

[Event "CZE Extraliga 2019-20"]
[Site "Czech Republic"]
[Date "2019.10.13"]
[Round "2.4"]
[White "Votava, Jan"]
[Black "Malinovsky, Karel"]
[Result "1/2-1/2"]
[WhiteElo "2521"]
[BlackElo "2478"]
[Annotator "ChessBase"]
[PlyCount "37"]
[EventDate "2019.09.15"]
[EventType "team-tourn"]
[EventCountry "CZE"]
[SourceTitle "playchess.com"]
[Source "ChessBase"]
[SourceQuality "1"]
[WhiteTeam "GASCO Pardubice"]
[BlackTeam "Slavia Kromerí\[#\]"]
[TimeControl "40/5400+30:1800+30"]

1. d4 {[%emt 0:00:00]} d5 {[%emt 0:00:00]} 2. c4 {[%emt 0:00:00]} e6 {[%emt 0:00:00]} 3. Nf3 {[%emt 0:00:24]} Nf6 {[%emt 0:00:00]} 4. g3 {[%emt 0:00:49]} Be7 {[%emt 0:00:11]} 5. Bg2 {[%emt 0:00:05]} O-O {[%emt 0:00:07]} 6. O-O {[%emt 0:00:40]} dxc4 {[%emt 0:00:31]} 7. Qc2 {[%emt 0:00:54]} a6 {[%emt 0:01:34]} 8. Qxc4 {[%emt 0:05:00]} b5 {[%emt 0:00:10]} 9. Qc2 {[%emt 0:01:32]} Bb7 {[%emt 0:00:07]} 10. Bd2 {[%emt 0:05:13]} Be4 {[%emt 0:01:42]} 11. Qc1 {[%emt 0:02:27]} c6 {[%emt 0:01:59]} 12. Be3 {[%emt 0:10:47]} Nbd7 {[%emt 0:05:44]} 13. Nc3 {[%emt 0:02:13]} Bg6 {[%emt 0:03:26]} 14. Ne5 {[%emt 0:17:15]} Nxe5 {[%emt 0:04:46]} 15. dxe5 {[%emt 0:00:01]} Nd5 {[%emt 0:00:16]} 16. Nxd5 {[%emt 0:05:19]} cxd5 {[%emt 0:03:00]} 17. Qd2 {[%emt 0:05:52]} Qc7 {[%emt 0:17:27]} 18. f4 {[%emt 0:04:59]} Qc2 {[%emt 0:07:00]} 19. Rfc1 {[%emt 0:14:00]} 1/2-1/2

[Event "CZE Extraliga 2019-20"]
[Site "Czech Republic"]
[Date "2019.10.13"]
[Round "2.4"]
[White "Simacek, Pavel"]
[Black "Zwardon, Vojtech"]
[Result "1/2-1/2"]
[WhiteElo "2486"]
[BlackElo "2471"]
[Annotator "ChessBase"]
[PlyCount "79"]
[EventDate "2019.09.15"]
[EventType "team-tourn"]
[EventCountry "CZE"]
[SourceTitle "playchess.com"]
[Source "ChessBase"]
[SourceQuality "1"]
[WhiteTeam "ŠK Zikuda Turnov"]
[BlackTeam "BŠŠ Frýdek-Místek "]
[TimeControl "40/5400+30:1800+30"]

1. e4 {[%emt 0:00:00]} c5 {[%emt 0:00:00]} 2. Nf3 {[%emt 0:00:01]} Nc6 {[%emt 0:00:00]} 3. d4 {[%emt 0:00:11]} cxd4 {[%emt 0:00:00]} 4. Nxd4 {[%emt 0:00:03]} g6 {[%emt 0:00:00]} 5. Nc3 {[%emt 0:00:55]} Bg7 {[%emt 0:00:00]} 6. Be3 {[%emt 0:00:07]} Nf6 {[%emt 0:00:00]} 7. Bc4 {[%emt 0:00:15]} O-O {[%emt 0:00:00]} 8. Bb3 {[%emt 0:00:04]} a5 {[%emt 0:00:00]} 9. O-O {[%emt 0:02:21]} Nxd4 {[%emt 0:00:22]} 10. Bxd4 {[%emt 0:00:36]} d6 {[%emt 0:00:03]} 11. Re1 {[%emt 0:13:55]} Bd7 {[%emt 0:00:48]} 12. a4 {[%emt 0:03:35]} Bc6 {[%emt 0:00:09]} 13. Nd5 {[%emt 0:00:13]} Bxd5 {[%emt 0:02:23]} 14. exd5 {[%emt 0:00:06]} Rc8 {[%emt 0:01:14]} 15. Re3 {[%emt 0:02:29]} Re8 {[%emt 0:01:16]} 16. h3 {[%emt 0:16:54]} Qc7 {[%emt 0:13:40]} 17. Rc3 {[%emt 0:05:32]} Qd7 {[%emt 0:02:54]} 18. Qe1 {[%emt 0:03:52]} Rxc3 {[%emt 0:01:37]} 19. Bxc3 {[%emt 0:00:08]} Qf5 {[%emt 0:01:07]} 20. Bc4 {[%emt 0:32:42]} Qxc2 {[%emt 0:04:07]} 21. Bb5 {[%emt 0:00:37]} Rf8 {[%emt 0:00:55]} 22. Qxe7 {[%emt 0:07:30]} Nxd5 {[%emt 0:01:31]} 23. Qxd6 {[%emt 0:00:48]} Nxc3 {[%emt 0:02:26]} 24. bxc3 {[%emt 0:00:08]} Qxc3 {[%emt 0:00:10]} 25. Rd1 {[%emt 0:00:11]} Be5 {[%emt 0:03:36]} 26. Qb6 {[%emt 0:01:06]} Rb8 {[%emt 0:01:47]} 27. Rd8+ {[%emt 0:02:22]} Rxd8 {[%emt 0:00:06]} 28. Qxd8+ {[%emt 0:00:04]} Kg7 {[%emt 0:00:05]} 29. Qd3 {[%emt 0:00:10]} Qc1+ {[%emt 0:00:24]} 30. Qf1 {[%emt 0:00:03]} Qf4 {[%emt 0:01:12]} 31. g3 {[%emt 0:00:15]} Qf6 {[%emt 0:00:35]} 32. Qe2 {[%emt 0:01:04]} h5 {[%emt 0:00:24]} 33. Kg2 {[%emt 0:03:09]} h4 {[%emt 0:01:41]} 34. Qf3 {[%emt 0:00:06]} Qg5 {[%emt 0:01:51]} 35. Qg4 {[%emt 0:00:15]} Qxg4 {[%emt 0:04:02]} 36. hxg4 {[%emt 0:00:05]} g5 {[%emt 0:00:53]} 37. gxh4 {[%emt 0:01:31]} gxh4 {[%emt 0:00:12]} 38. Kh3 {[%emt 0:00:02]} Bd4 {[%emt 0:00:23]} 39. Kxh4 {[%emt 0:00:05]} Bxf2+ {[%emt 0:00:07]} 40. Kg5 {[%emt 0:00:03]} 1/2-1/2

[Event "CZE Extraliga 2019-20"]
[Site "Czech Republic"]
[Date "2019.10.13"]
[Round "2.4"]
[White "Roubalik, Jakub"]
[Black "Burdalev, Kirill"]
[Result "1/2-1/2"]
[WhiteElo "2405"]
[BlackElo "2406"]
[Annotator "TA"]
[PlyCount "39"]
[EventDate "2019.09.15"]
[EventType "team-tourn"]
[EventCountry "CZE"]
[SourceTitle "playchess.com"]
[Source "ChessBase"]
[SourceQuality "1"]
[WhiteTeam "ŠK Duras BVK"]
[BlackTeam "ŠK Dopravní podnik Praha"]

{[%evp 22,35,21,17,100,77,86,16,31,0,0,0,0,0,0,0]} 1. d4 d5 2. c4 c6 3. Nf3 Nf6 4. Nbd2 Bf5 5. Nh4 Bc8 6. e3 e6 7. Nhf3 Nbd7 8. Bd3 Bd6 9. O-O O-O 10. e4 e5 11. cxd5 cxd5 12. Re1 dxe4 {D05: Colle System with ...e6} (12... h6 $11) (12... h6 13. exd5 exd4 14. Nc4 Nb6 15. Nxd6 Qxd6 16. Nxd4 Nbxd5 17. Bf1 Rd8 18. Nb5 Qb6 19. Qf3 Bd7 20. Nc3 Bc6 21. Nxd5 Rxd5 22. b3 Re5 23. Qc3 Ng4 24. Be3 Nxe3 25. Qxe5 {½-½ (23) Onischuk,A (2685)-Duda,J (2697) Khanty-Mansiysk 2017}) 13. Nxe4 $16 Nxe4 14. Bxe4 (14. Rxe4 $16 {[%cal Rd4e5]} Nf6 15. Bg5) 14... exd4 15. Qxd4 Bc5 {The position is equal.} 16. Qc3 Qb6 $1 17. Be3 Bxe3 18. Rxe3 {Predecessor:} Nf6 $146 19. Qd4 Qxd4 20. Nxd4 {½-½ (67) Dalgar,H (1687)-Dogan,M (1825) Konya 2014} 1/2-1/2

[Event "CZE Extraliga 2019-20"]
[Site "Czech Republic"]
[Date "2019.10.13"]
[Round "2.5"]
[White "Rydl, Jiri"]
[Black "Nayhebaver, Martin"]
[Result "1-0"]
[WhiteElo "2422"]
[BlackElo "2481"]
[Annotator "ChessBase"]
[PlyCount "99"]
[EventDate "2019.09.15"]
[EventType "team-tourn"]
[EventCountry "CZE"]
[SourceTitle "playchess.com"]
[Source "ChessBase"]
[SourceQuality "1"]
[WhiteTeam "Siesta Solution Unichess"]
[BlackTeam "Moravská Slavia Brno"]
[TimeControl "40/5400+30:1800+30"]

1. c4 {[%emt 0:00:00]} e6 {[%emt 0:00:02]} 2. g3 {[%emt 0:00:02]} Nf6 {[%emt 0:00:33]} 3. Bg2 {[%emt 0:00:11]} d5 {[%emt 0:00:27]} 4. Nf3 {[%emt 0:00:22]} Be7 {[%emt 0:00:22]} 5. O-O {[%emt 0:00:20]} O-O {[%emt 0:00:27]} 6. d4 {[%emt 0:01:28]} dxc4 {[%emt 0:01:40]} 7. Qc2 {[%emt 0:00:48]} b5 {[%emt 0:03:56]} 8. a4 {[%emt 0:02:20]} b4 {[%emt 0:01:10]} 9. Nfd2 {[%emt 0:00:54]} c6 {[%emt 0:00:31]} 10. Nxc4 {[%emt 0:00:52]} Qxd4 {[%emt 0:00:50]} 11. Be3 {[%emt 0:02:27]} Qd8 {[%emt 0:00:25]} 12. Nbd2 {[%emt 0:01:26]} Nd5 {[%emt 0:05:51]} 13. Nb3 {[%emt 0:04:14]} Ba6 {[%emt 0:06:35]} 14. Bd4 {[%emt 0:12:44]} Nd7 {[%emt 0:15:01]} 15. Nca5 {[%emt 0:20:46]} c5 {[%emt 0:05:27]} 16. Nc6 {[%emt 0:00:23]} Qe8 {[%emt 0:00:10]} 17. Nxc5 {[%emt 0:16:52]} Bxc5 {[%emt 0:02:04]} 18. Bxc5 {[%emt 0:00:43]} b3 {[%emt 0:02:41]} 19. Qc1 {[%emt 0:00:42]} Nxc5 {[%emt 0:05:50]} 20. Qxc5 {[%emt 0:00:19]} Kh8 {[%emt 0:18:06]} 21. Qd6 {[%emt 0:08:19]} Qc8 {[%emt 0:09:15]} 22. Bf3 {[%emt 0:08:06]} Qb7 {[%emt 0:18:21]} 23. Na5 {[%emt 0:00:43]} Qb6 {[%emt 0:00:19]} 24. Qxb6 {[%emt 0:00:07]} axb6 {[%emt 0:00:04]} 25. Nxb3 {[%emt 0:00:10]} Rfc8 {[%emt 0:00:51]} 26. Bxd5 {[%emt 0:06:47]} exd5 {[%emt 0:00:03]} 27. Nd4 {[%emt 0:00:10]} Rc4 {[%emt 0:00:56]} 28. Rfd1 {[%emt 0:00:12]} g6 {[%emt 0:00:51]} 29. b3 {[%emt 0:00:27]} Rc3 {[%emt 0:00:44]} 30. Rac1 {[%emt 0:00:21]} Rac8 {[%emt 0:00:50]} 31. Rxc3 {[%emt 0:00:08]} Rxc3 {[%emt 0:00:02]} 32. Kf1 {[%emt 0:00:14]} Kg7 {[%emt 0:00:38]} 33. Ke1 {[%emt 0:00:15]} Kf6 {[%emt 0:00:15]} 34. Kd2 {[%emt 0:00:17]} Rc5 {[%emt 0:00:12]} 35. Rc1 {[%emt 0:03:15]} Ke5 {[%emt 0:00:18]} 36. e3 {[%emt 0:00:17]} Ke4 {[%emt 0:01:24]} 37. f3+ {[%emt 0:00:10]} Ke5 {[%emt 0:00:03]} 38. Rc3 {[%emt 0:00:41]} g5 {[%emt 0:00:54]} 39. b4 {[%emt 0:01:22]} Rxc3 {[%emt 0:00:42]} 40. Kxc3 {[%emt 0:00:06]} Bf1 {[%emt 0:00:35]} 41. a5 {[%emt 0:33:37]} bxa5 {[%emt 0:02:05]} 42. bxa5 {[%emt 0:00:00]} g4 {[%emt 0:00:36]} 43. fxg4 {[%emt 0:00:00]} Ke4 {[%emt 0:00:17]} 44. Kd2 {[%emt 0:00:00]} Ba6 {[%emt 0:01:10]} 45. g5 {[%emt 0:00:00]} Bc4 {[%emt 0:02:58]} 46. Nc6 {[%emt 0:00:00]} Bf1 {[%emt 0:05:53]} 47. Ke1 {[%emt 0:00:00]} Ba6 {[%emt 0:01:33]} 48. Kf2 {[%emt 0:00:00]} Kf5 {[%emt 0:00:42]} 49. h4 {[%emt 0:00:00]} Bb7 {[%emt 0:00:51]} 50. Nd8 {[%emt 0:00:00]} 1-0

[Event "CZE Extraliga 2019-20"]
[Site "Czech Republic"]
[Date "2019.10.13"]
[Round "2.5"]
[White "Plischki, Sebastian"]
[Black "Cerveny, Martin"]
[Result "1/2-1/2"]
[WhiteElo "2391"]
[BlackElo "2350"]
[Annotator "NA"]
[PlyCount "83"]
[EventDate "2019.09.15"]
[EventType "team-tourn"]
[EventCountry "CZE"]
[SourceTitle "playchess.com"]
[Source "ChessBase"]
[SourceQuality "1"]
[WhiteTeam "ŠK Dopravní podnik Praha"]
[BlackTeam "ŠK Duras BVK"]
[TimeControl "40/5400+30:1800+30"]

1. d4 {[%emt 0:00:00]} d6 {[%emt 0:00:06]} 2. Nf3 {[%emt 0:00:05]} Nd7 {[%emt 0:00:41]} 3. c4 {[%emt 0:00:35]} e5 {[%emt 0:00:14]} 4. Nc3 {[%emt 0:00:13]} g6 {[%emt 0:00:47]} 5. e4 {[%emt 0:00:46]} Bg7 {[%emt 0:00:26]} 6. Be2 {[%emt 0:00:53]} Ne7 {[%emt 0:00:18]} 7. d5 {[%emt 0:01:18]} a5 {[%emt 0:01:40]} 8. h4 {[%emt 0:05:07]} h6 {[%emt 0:04:15]} 9. h5 {[%emt 0:00:59]} g5 {[%emt 0:00:10]} 10. g4 {[%emt 0:00:38]} Nc5 {[%emt 0:00:44]} 11. Rg1 {[%emt 0:06:57]} c6 {[%emt 0:02:25]} 12. Be3 {[%emt 0:01:37]} cxd5 {[%emt 0:01:17]} 13. cxd5 {[%emt 0:00:07]} Bd7 {[%emt 0:01:52]} 14. Nd2 {[%emt 0:01:36]} O-O {[%emt 0:07:34]} 15. f3 {[%emt 0:01:23]} Qb8 {[%emt 0:02:44]} 16. a4 {[%emt 0:08:09]} b6 {[%emt 0:02:34]} 17. Kf2 {[%emt 0:04:41]} Nc8 {[%emt 0:00:19]} 18. Bxc5 {[%emt 0:05:12]} bxc5 {[%emt 0:00:40]} 19. Bb5 {[%emt 0:00:08]} Rd8 {[%emt 0:02:31]} 20. Nc4 {[%emt 0:15:28]} Na7 {[%emt 0:07:08]} 21. Nxa5 {[%emt 0:18:01]} Nxb5 {[%emt 0:02:18]} 22. axb5 {[%emt 0:00:06]} Bxb5 {[%emt 0:01:26]} 23. Nxb5 {[%emt 0:02:50]} Qxb5 {[%emt 0:00:07]} 24. Qd2 {[%emt 0:00:48]} Bf6 {[%emt 0:04:31]} 25. Nc6 {[%emt 0:01:28]} Rdc8 {[%emt 0:01:14]} 26. Na7 {[%emt 0:02:34]} Rxa7 {[%emt 0:03:19]} 27. Rxa7 {[%emt 0:00:05]} Bd8 {[%emt 0:00:16]} 28. Rga1 {[%emt 0:03:07]} Bb6 {[%emt 0:01:59]} 29. Ra8 {[%emt 0:00:43]} Rxa8 {[%emt 0:00:09]} 30. Rxa8+ {[%emt 0:00:05]} Kg7 {[%emt 0:00:06]} 31. Kg2 {[%emt 0:00:47]} c4 {[%emt 0:00:38]} 32. Ra1 {[%emt 0:04:03]} Bd4 {[%emt 0:01:38]} 33. Qe2 {[%emt 0:01:55]} Qb3 {[%emt 0:05:46]} 34. Rc1 {[%emt 0:01:35]} Bxb2 {[%emt 0:00:48]} 35. Rxc4 {[%emt 0:00:10]} Bd4 {[%emt 0:03:42]} 36. Rc1 {[%emt 0:03:00]} Qa3 {[%emt 0:00:51]} 37. Rd1 {[%emt 0:00:42]} Bc5 {[%emt 0:00:43]} 38. Kg3 {[%emt 0:03:36]} Qb3 {[%emt 0:01:15]} 39. Rc1 {[%emt 0:06:24]} Bd4 {[%emt 0:00:54]} 40. Kg2 {[%emt 0:00:55]} Qa3 {[%emt 0:02:55]} 41. Rd1 {[%emt 0:11:32]} Bc5 {[%emt 0:00:22]} 42. Rd3 {[%emt 0:00:49]} 1/2-1/2

[Event "CZE Extraliga 2019-20"]
[Site "Czech Republic"]
[Date "2019.10.13"]
[Round "2.5"]
[White "Szotkowski, Jakub"]
[Black "Jaracz, Pawel"]
[Result "1/2-1/2"]
[WhiteElo "2388"]
[BlackElo "2465"]
[Annotator "ChessBase"]
[PlyCount "52"]
[EventDate "2019.09.15"]
[EventType "team-tourn"]
[EventCountry "CZE"]
[SourceTitle "playchess.com"]
[Source "ChessBase"]
[SourceQuality "1"]
[WhiteTeam "BŠŠ Frýdek-Místek "]
[BlackTeam "ŠK Zikuda Turnov"]
[TimeControl "40/5400+30:1800+30"]

1. d4 {[%emt 0:00:00]} d5 {[%emt 0:00:00]} 2. c4 {[%emt 0:00:00]} c6 {[%emt 0:00:11]} 3. Nf3 {[%emt 0:00:20]} Nf6 {[%emt 0:00:20]} 4. Nc3 {[%emt 0:00:23]} a6 {[%emt 0:02:27]} 5. cxd5 {[%emt 0:06:41]} cxd5 {[%emt 0:00:10]} 6. Bf4 {[%emt 0:01:09]} e6 {[%emt 0:05:04]} 7. e3 {[%emt 0:04:16]} Bd6 {[%emt 0:00:38]} 8. Ne5 {[%emt 0:07:51]} Nc6 {[%emt 0:09:24]} 9. Nxc6 {[%emt 0:23:04]} bxc6 {[%emt 0:00:03]} 10. Bxd6 {[%emt 0:02:50]} Qxd6 {[%emt 0:00:05]} 11. Be2 {[%emt 0:00:17]} Rb8 {[%emt 0:10:10]} 12. b3 {[%emt 0:05:44]} c5 {[%emt 0:00:27]} 13. dxc5 {[%emt 0:01:37]} Qxc5 {[%emt 0:00:04]} 14. Rc1 {[%emt 0:00:08]} O-O {[%emt 0:03:16]} 15. O-O {[%emt 0:00:16]} Qd6 {[%emt 0:06:30]} 16. Qd3 {[%emt 0:04:48]} a5 {[%emt 0:15:35]} 17. Rfd1 {[%emt 0:04:46]} Qe7 {[%emt 0:03:30]} 18. e4 {[%emt 0:08:31]} dxe4 {[%emt 0:00:42]} 19. Nxe4 {[%emt 0:00:06]} Nd5 {[%emt 0:00:17]} 20. Qg3 Bb7 {[%emt 0:02:34]} 21. Bf3 {[%emt 0:04:32]} Rbd8 {[%emt 0:03:01]} 22. h4 {[%emt 0:03:19]} h6 {[%emt 0:02:12]} 23. h5 {[%emt 0:02:54]} Ba8 {[%emt 0:01:50]} 24. Rc4 {[%emt 0:01:51]} e5 {[%emt 0:02:05]} 25. Nc3 {[%emt 0:03:33]} Nxc3 {[%emt 0:00:49]} 26. Rxc3 {[%emt 0:01:46]} Bxf3 {[%emt 0:02:12]} 1/2-1/2